000 00900cem a22002055a 4500
001 L140486
008 070925n xxk a 0 eng u
035 _a(Sirsi) u140486
041 0 _aeng
100 1 _aMilton, Thomas
245 0 2 _aA geometrical plan and west elevation of His Majesty's Dock-yard near Plymouth
_bwith the Ordnance Wharfe etc.
_h[cartographic material]
255 _aScale 1:120
260 _aS.l.
_bs.n.
_cn.d.
300 _a1 map
_bcloth backed, rolled
_c47 x 76 cm.
500 _aMap is in a very fragile condition, with losses where the paper has come away from the cloth backing.
500 _aDedication reads: 'To...Parker, Earl of Macclesfield...the Royal Society etc...Lordships' most obedt. servant Tho. Milton'. Other information lost.
651 4 _aPlymouth
690 _aENVIRONMENTAL AND LAND CONSULTANCY-GEOMATICS-MAPPING AND POSITIONING-CARTOGRAPHY
942 _n0
999 _c116891
_d116891